| 000 | 00411 a2200109 4500 | ||
|---|---|---|---|
| 001 | ART_42334 | ||
| 005 | 20260410161647.0 | ||
| 008 | 260409a | ||
| 245 | 1 | 0 | _aLa flexibilización del control de cambios y sus consecuencias favorables en el cobro de los estímulos a las exportaciones |
| 100 | 1 | _aBibiloni, Mario J. | |
| 773 | 0 |
_tConsultor tributario _g- Año 11, Nº 123 (mayo 2017) _wREV474 |
|
| 999 |
_c13882 _d13882 |
||